Yalta /

Reconstrucción de origen de las negociaciones en la conferencia de Yalta (Crimea, URSS) entre Churchill, Roosevelt y Stalin, en febrero de 1945. Las negociaciones comprenden el relinde de territorios europeos y acuerdos que, según el análisis abrieron el camino de las confrontaciones entre Oeste y E...

Полное описание

Сохранить в:
Библиографические подробности
Главный автор: Senarclens, Pierre de (autor)
Формат:
Язык:испанский
Опубликовано: México : Fondo de Cultura Económica, 1988
Предметы:
Метки: Добавить метку
Нет меток, Требуется 1-ая метка записи!

MARC

LEADER 00000nam^a2200000^a^4500
001 000026395
005 20250521000000.0
009 20260310084729.359
020 |a 968-26-2934-5 
037 |a Acervo ITESO - Biblioteca 
041 |a ESP 
082 |a 327.  |b SEN 
100 |a Senarclens, Pierre de  |e (autor) 
245 1 0 |a Yalta /  |c P. de Senarclens; tr. por: Ligia Arjona Mijangos. 
264 1 |a México :  |b Fondo de Cultura Económica,  |c 1988 
300 |a 167 p. 
336 |a texto  |b txt  |2 rdacontenido 
337 |a sin mediación  |b n  |2 rdamedio 
338 |a volumen  |b nc  |2 rdasoporte 
520 |a Reconstrucción de origen de las negociaciones en la conferencia de Yalta (Crimea, URSS) entre Churchill, Roosevelt y Stalin, en febrero de 1945. Las negociaciones comprenden el relinde de territorios europeos y acuerdos que, según el análisis abrieron el camino de las confrontaciones entre Oeste y Este. 
649 |a XX 
650 |a Europa -  |x Historia 
650 |a Europa -  |x Historia -  |y 1939-1945 
650 |a Política Internacional 
910 |a Fondo General 
920 |a Impresos - Libros 
930 |a Colección General 
905 |a 101 
901 |a 0263950100  |b IT1  |c ACC  |i 026395  |u 20250521 
902 |a https://opac.biblio.iteso.mx/vufind/Record/000026395